| 000 | 00620nam a22002297a 4500 | ||
|---|---|---|---|
| 003 | UA-OsUOA | ||
| 001 | 43797 | ||
| 007 | ta | ||
| 008 | 20091105b un ||||| |||| 00| 0 ukr d | ||
| 100 | _aГрицак Е. | ||
| 090 |
_a09.-37 _bГ85 |
||
| 942 | _cBK | ||
| 040 |
_aUA-OsUOA _bukr _cUA-OsUOA _dUA-OsUOA |
||
| 245 |
_aПід червоною владою _bІ. Шкільна справа на Радянській Україні |
||
| 300 | _a70 с. | ||
| 955 | _a4 | ||
| 041 | _aukr | ||
| 080 | _a09.-37 | ||
| 260 |
_aПеремишль _c1923 |
||
| 650 | 7 |
_a0 Загальний відділ. _2UDC |
|
| 999 |
_c442272 _d442272 |
||